000 00579nab a2200205 a 4500
005 20210219160253.0
008 991125s1985 mx 000 0 spa u
035 _aUPN01000162037
100 1 _aQuiroz, Elena
222 _aREENCUENTRO :
222 _bANALISIS DE PROBLEMAS UNIVERSITARIOS
245 _aCompetencias profesionales y calidad en la educación superior
260 _aMéxico
300 _a93-99
362 0 _a2007 No. 50, dic.
653 0 _aEDUCACION SUPERIOR
653 0 _aCOMPETENCIAS PROFESIONALES
653 0 _aCALIDAD EDUCATIVA
905 _aArticulo
999 _c134150
_d134150